| 000 | 02166nam0a2200409 4500 | ||
|---|---|---|---|
| 001 | RU\NLR\bibl\1021567 | ||
| 005 | 20260409000518.0 | ||
| 010 |
_a5-9757-0054-Х _910000 |
||
| 021 |
_aRU _b2006-60759 _93021 |
||
| 035 | _a(NLR Aleph) 001009098 | ||
| 090 |
_a627081 _c627081 |
||
| 100 | _a20061213d2006 |||y0rusy50 ca | ||
| 101 | 1 |
_arus _cmyn |
|
| 102 | _aRU | ||
| 105 | _aa ||||||||| | ||
| 200 | 1 |
_aПополь-Вух _e[в переводе "Книга народа"] _eмифы индейцев Центральной Америки _f[пер. с яз. киче, коммент и послесл. д.ист.н. Р.В. Кинжалова] |
|
| 210 |
_aЕкатеринбург _cУ-Фактория _d2006 |
||
| 215 |
_a231 с. _cкарт. _d23 |
||
| 225 | 1 |
_aBiblioteca mythologica _fсост. В. Харитонов |
|
| 300 | _aВ макете: Мифы индейцев Центральной Америки: Пополь-Вух; Родословная владык Тотоникапана | ||
| 320 | _aБиблиогр.: с. 202-218 | ||
| 320 | _aУказ. имен.: с. 219-225 | ||
| 320 | _aУказ. геогр. и этн. назв.: с. 226-229 | ||
| 327 | 1 | _aВ кн. также: Родословная владык Тотоникапана | |
| 464 | 0 |
_12001#$aРодословная Тотоникапана _tРодословная Тотоникапана |
|
| 500 |
_8rus _aПополь-Вух _7ca _3RU\NLR\AUTH\5509623 _92669071 |
||
| 517 | 0 | _aМифы индейцев Центральной Америки: Пополь-Вух; Родословная владык Тотоникапана | |
| 517 | 0 | _aКнига народа | |
| 605 |
_a"Пополь-Вух" _lсборник мифов индейцев Центральной Америки _91168173 _3RU\NLR\auth\66468463 |
||
| 686 | _aШ3(74=Ин)-60 | ||
| 702 | 1 |
_4730 _7ca _8rus _aКинжалов _bР. В. _cд-р ист. наук, этнограф _f1920-2006 _gРостислав Васильевич _3RU\NLR\AUTH\770278052 _92650019 |
|
| 801 | 0 |
_aRU _bNLR _c20061213 _grcr |
|
| 801 | 1 |
_aRU _bNLR _c20061213 |
|
| 942 | _cBOOK | ||
| 980 | _aNB | ||